Stacje i przystanki na linii PKM2 - Statystyki

Ogólne statystyki
  • Ten quiz został rozwiązany 10 razy
  • Średni wynik to 12 z 22
Statystyki odpowiedzi
Przystanek % Poprawnych
stacja Poznań Główny
100%
stacja Swarzędz
80%
stacja Września
80%
stacja Buk
60%
stacja Kostrzyn Wielkopolski
60%
stacja Nowy Tomyśl
60%
stacja Opalenica
60%
p.o. Otusz
60%
p.o. Poznań Garbary
60%
stacja Poznań Wschód
60%
p.o. Dopiewo
40%
p.o. Gułtowy
40%
p.o. Nekla
40%
p.o. Paczkowo
40%
stacja Palędzie
40%
stacja Podstolice
40%
p.o. Porażyn
40%
p.o. Poznań Antoninek
40%
stacja Poznań Górczyn
40%
p.o. Poznań Junikowo
40%
p.o. Sątopy
40%
p.o. Wojnowice Wielkopolskie
40%
Nie znaleziono quizów pasujących do podanych kryteriów
Rozkład punktacji
Procent ludzi z każdym wynikiem
Percentyl według liczby udzielonych odpowiedzi
Twoja historia wyników
Nie rozwiązałeś tego quizu